00208nam a2200085Ia 4500001000800000005001700008008004100025245003400066260002200100120625420251009141458.0250824s9999 xx 000 0 und d 0aADI AYLİN cAYŞE KULİN bEVEREST YAYINLARI